[Event "Stay Safe Play From Home 359"]
[Site "Emanuel Lasker Arena"]
[Date "2020.08.05"]
[Round "2"]
[White "NTBT_DHS"]
[Black "Buzaglo"]
[Result "1-0"]
[WhiteElo "2605"]
[BlackElo "1848"]
[Annotator "TA"]
[PlyCount "73"]
[EventDate "2020.08.05"]
[EventType "swiss (blitz)"]

{[%evp 9,72,118,145,76,150,143,152,131,159,150,155,141,192,127,138,109,119,116,94,91,214,211,577,543,537,546,537,532,557,557,554,556,555,552,675,662,1168,1157,1586,1545,29971,29974,29993,29981,29990,29991,29991,29991,29991,29991,29991,29992,29992,29993,29996,29996,29996,29995,29995,29996,29997,29998,29998,29999,29999]} 1. e4 e6 2. Nf3 d5 3. exd5 c5 4. d4 cxd4 5. dxe6 Bxe6 6. Qxd4 {[#] B40: Sicilian: 2...e6, Unusual lines.} (6. Nxd4 $142 {Strongly threatening Bb5+.} Nc6 7. Bb5) 6... Nf6 $146 {[#]} (6... Nc6 $142 7. Bb5 Nf6) ({Predecessor:} 6... Nc6 7. Qxd8+ Rxd8 8. Bb5 Bd7 9. Bd2 Bc5 10. O-O Nge7 11. a3 O-O 12. Nc3 a6 {1-0 (40) Dudasko,S (1792)-Ribovic,V (1665) Slovakia 2015}) 7. Qxd8+ $1 $16 Kxd8 8. Bg5 {White is clearly better.} Be7 9. Nc3 Nc6 10. O-O-O+ Kc7 (10... Kc8 $16 11. Be2 h6) 11. Bb5 (11. Bf4+ $18 Kc8 12. Ng5) 11... Rad8 12. Bxc6 bxc6 13. Bf4+ Kb7 14. Ng5 Bf5 {Black cannot hold the game after this.} (14... Bc4 $16) 15. Nxf7 $18 Nd5 $2 (15... Rxd1+ 16. Rxd1 Rf8) 16. Nxd8+ Rxd8 17. Nxd5 cxd5 18. Rhe1 Bf6 19. Be5 Bg5+ 20. f4 Be7 21. Bxg7 Bc5 22. Re5 Be4 {[#]} 23. Rxe4 $1 {[%mdl 64] Pin} Rg8 (23... dxe4 24. Rxd8) 24. Rxd5 Rxg7 25. Rxc5 {White mates.} Rxg2 26. b4 Rxh2 27. Re7+ Kb6 28. a4 a5 29. Re6+ Kb7 30. bxa5 Rh1+ 31. Kb2 h5 32. a6+ Kb8 33. Rb5+ Kc8 34. a7 Ra1 35. a8=Q+ Kd7 36. Qc6+ Kd8 37. Rb8# {Accuracy: White = 66%, Black = 32%.} 1-0

[Event "Stay Safe Play From Home 359"]
[Site "Emanuel Lasker Arena"]
[Date "2020.08.05"]
[Round "2"]
[White "Gokerkan"]
[Black "AChessPlayer"]
[Result "1-0"]
[WhiteElo "2583"]
[BlackElo "2448"]
[Annotator "TA"]
[PlyCount "165"]
[EventDate "2020.08.05"]
[EventType "swiss (blitz)"]

{[%evp 17,165,0,65,0,84,-7,70,32,29,33,86,72,81,35,53,44,93,16,194,202,216,202,147,69,79,27,42,28,32,32,29,18,16,5,9,7,10,11,15,0,0,-43,0,-132,0,-47,0,0,0,-19,0,0,0,0,414,409,405,381,379,357,355,339,390,321,302,296,274,295,259,140,164,137,392,395,2809,2226,29964,29966,29954,29958,12850,7004,12789,6021,29975,29977,29981,29982,29984,29984,29986,29987,29987,29988,29988,29989,29989,29990,29991,29989,29989,29989,29990,29990,29990,29989,29993,29994,29995,29994,29995,29995,29995,29995,29996,29996,29996,29997,29997,29997,29997,29996,29996,29996,29997,29996,29996,29997,29997,29997,29997,29998,29998,29997,29998,29997,29997,29997,29997,29997,29997,29997,29997,29997,29997,29997,29998,29998,29998,29999]} 1. e4 c6 2. d4 d6 3. c4 g6 4. Nc3 Bg7 5. Nf3 Nf6 6. h3 O-O 7. Be2 e5 8. O-O Nbd7 9. Be3 {9.Be3 scores better than 9.dxe5.} Qe7 (9... exd4 $11 10. Bxd4 (10. Nxd4 Re8 $11) 10... Re8) 10. Qd2 $5 {[%mdl 4] [#] Leaves trodden paths. E94: King's Indian: Classical: 6 Be2 e5 7 0-0: Various Black 7th moves.} (10. d5 $1 $14) 10... Re8 $146 (10... exd4 $11 11. Bxd4 (11. Qxd4 Re8 $15) 11... c5) ({Predecessor:} 10... exd4 11. Bxd4 Ne5 12. Rad1 Nfd7 13. Be3 Nxf3+ 14. Bxf3 Ne5 15. Be2 Be6 16. b3 Nd7 {½-½ (48) Othoneos,A-Pinzon Solis,F Dubrovnik 1950}) 11. Rfd1 (11. d5 $1 $16) 11... a6 ({Black should try} 11... exd4 $11 12. Bxd4 Nxe4 13. Nxe4 Bxd4) 12. dxe5 {White is slightly better.} dxe5 13. a3 b5 (13... Nh5 $14) 14. b4 Bb7 15. c5 Rad8 {next ...Nxc5 is good for Black.} 16. Qd6 Bf8 {[#] and if ...Qxd6 works, Black does fine.} 17. Qc7 (17. Qxe7 $1 $16 Bxe7 18. Rd3) 17... Nb8 $2 (17... Rb8 $11) 18. Qxe7 $18 Rxd1+ 19. Rxd1 ({Resist} 19. Bxd1 $6 Rxe7 20. Bb3 Bg7 $16) 19... Rxe7 20. Rd8 (20. Nxe5 $16 {And now Bg5 would win.} Bg7 21. f4) 20... Nbd7 $14 21. Bh6 (21. Bg5 $16) 21... Re8 $11 22. Rxe8 Nxe8 23. Bxf8 Kxf8 24. Bd1 Ke7 25. Bb3 f6 26. Kf1 Nf8 27. Ke2 Nc7 28. Ke3 Bc8 29. g4 Be6 (29... a5 $5) 30. Bd1 {[#]} (30. Bxe6 $11 {remains equal.} Nfxe6 31. Ne2) 30... Bc4 ({Black should play} 30... a5 $1 $17 {Threatens to win with ...axb4.} 31. bxa5 Nd7) 31. g5 Nfe6 32. gxf6+ Kxf6 33. Be2 Bxe2 34. Nxe2 {[%mdl 4096] Endgame KNN-KNN} Nd8 35. Nc1 Nb7 $2 {[%mdl 8192]} (35... Nf7 $11) 36. Nd3 $18 a5 37. Nfxe5 axb4 38. axb4 Nd8 39. f4 Nce6 40. Ng4+ Ke7 41. f5 gxf5 42. exf5 Nc7 43. h4 (43. Kd4 $18) 43... Nd5+ $16 44. Kd4 h5 $2 {[%mdl 8192]} (44... Nf7 $16 45. h5 h6) 45. Nge5 $18 {aiming for Nxc6+!} Kf6 $2 {[#]} (45... Nf6 46. Nf4 Ke8) 46. Nxc6 $1 {[%mdl 576] Remove Defender} Nxc6+ 47. Kxd5 {KN-KN} Ne7+ 48. Kd6 Nxf5+ 49. Kd7 Nxh4 50. Nf4 (50. c6 $142 Ng6 51. c7) 50... Kg5 {[#]} 51. Nxh5 $1 {[%mdl 576] Promotion. White mates.} Kxh5 {KN-KPP} 52. c6 Ng6 53. c7 Ne5+ 54. Ke6 Nc4 55. c8=Q Kg4 56. Qc5 Kf4 57. Qxb5 Ne3 58. Qb8+ Kf3 59. Qb7+ Kf2 60. Qh7 Ng2 61. Qf7+ Nf4+ 62. Qxf4+ Kg2 63. Qe5 Kh1 64. b5 Kg1 65. b6 Kh1 66. b7 Kg2 67. Qb2+ Kf3 68. Kd5 Kg4 69. Qb3 Kf5 70. Qc4 Kf6 71. Qc5 Kf7 72. Qd6 Kg7 73. Qc7+ Kg6 74. b8=Q Kg5 75. Kc6 Kg4 76. Kb7 Kf3 77. Ka8 Ke3 78. Qbb6+ Kd3 79. Qbc6 Ke3 80. Q7d7 Kf2 81. Qce6 Kg3 82. Qdf7 Kh4 83. Qeg6 {Accuracy: White = 56%, Black = 42%.} 1-0

[Event "Stay Safe Play From Home 359"]
[Site "Emanuel Lasker Arena"]
[Date "2020.08.05"]
[Round "2"]
[White "BrainThinker22"]
[Black "Padmaesh M K"]
[Result "1-0"]
[WhiteElo "2353"]
[BlackElo "1822"]
[Annotator "NA RC"]
[PlyCount "71"]
[EventDate "2020.08.05"]
[EventType "swiss (blitz)"]

1. e4 {[%emt 0:00:01]} e5 {[%emt 0:00:01]} 2. Nf3 {[%emt 0:00:01]} Nc6 {[%emt 0:00:00]} 3. d4 {[%emt 0:00:00]} exd4 {[%emt 0:00:02]} 4. Bc4 {[%emt 0:00:00]} Bc5 {[%emt 0:00:01]} 5. c3 {[%emt 0:00:01]} Nf6 {[%emt 0:00:02]} 6. e5 {[%emt 0:00:01]} d5 {[%emt 0:00:02]} 7. Bb5 {[%emt 0:00:00]} Ne4 {[%emt 0:00:02]} 8. cxd4 {[%emt 0:00:00]} Bb4+ {[%emt 0:00:01]} 9. Bd2 {[%emt 0:00:00]} Nxd2 {[%emt 0:00:02]} 10. Nbxd2 {[%emt 0:00:00]} O-O {[%emt 0:00:02]} 11. Bxc6 {[%emt 0:00:01]} bxc6 {[%emt 0:00:01]} 12. h3 {[%emt 0:00:00]} Ba6 {[%emt 0:00:01]} 13. Qb3 {[%emt 0:00:05]} Rc8 {[%emt 0:00:02]} 14. Rc1 {[%emt 0:00:02]} Rb8 {[%emt 0:00:02]} 15. Qc2 {[%emt 0:00:02]} Bb5 {[%emt 0:00:03]} 16. a3 {[%emt 0:00:01]} Ba5 {[%emt 0:00:03]} 17. b4 {[%emt 0:00:01]} Bb6 {[%emt 0:00:01]} 18. Nb3 {[%emt 0:00:01]} Ba4 {[%emt 0:00:01]} 19. Qc3 {[%emt 0:00:01]} Qd7 {[%emt 0:00:02]} 20. Nc5 {[%emt 0:00:01]} Bxc5 {[%emt 0:00:02]} 21. Qxc5 {[%emt 0:00:00]} Bb5 {[%emt 0:00:01]} 22. a4 {[%emt 0:00:02]} Bxa4 {[%emt 0:00:01]} 23. O-O {[%emt 0:00:01]} Bb5 {[%emt 0:00:01]} 24. Rfe1 {[%emt 0:00:00]} f6 {[%emt 0:00:01]} 25. Qxa7 {[%emt 0:00:01]} fxe5 {[%emt 0:00:01]} 26. dxe5 {[%emt 0:00:00]} Rbe8 {[%emt 0:00:06]} 27. Qe3 {[%emt 0:00:04]} Qf5 {[%emt 0:00:02]} 28. Nd4 {[%emt 0:00:04]} Qh5 {[%emt 0:00:01]} 29. e6 {[%emt 0:00:02]} Bc4 {[%emt 0:00:03]} 30. e7 {[%emt 0:00:01]} Rf7 {[%emt 0:00:02]} 31. Nxc6 {[%emt 0:00:02]} Qg6 {[%emt 0:00:01]} 32. Ne5 {[%emt 0:00:02]} Qe6 {[%emt 0:00:01]} 33. Nxf7 {[%emt 0:00:02]} Qxf7 {[%emt 0:00:00]} 34. Qe6 {[%emt 0:00:01]} d4 {[%emt 0:00:01]} 35. Rxc4 {[%emt 0:00:02]} Qxe6 {[%emt 0:00:01]} 36. Rxe6 {[%emt 0:00:00] Padmaesh M K resigns Padmaesh M K resigns Padmaesh M K resigns Padmaesh M K resigns Padmaesh M K resigns} 1-0

[Event "Stay Safe Play From Home 359"]
[Site "Emanuel Lasker Arena"]
[Date "2020.08.05"]
[Round "2"]
[White "Uber_WING"]
[Black "Lamborghini"]
[Result "1-0"]
[WhiteElo "2275"]
[BlackElo "2329"]
[Annotator "TA"]
[PlyCount "131"]
[EventDate "2020.08.05"]
[EventType "swiss (blitz)"]

{[%evp 11,131,-31,-17,-88,-6,0,6,16,14,0,0,0,0,-91,-78,-147,-124,-162,-75,-73,-55,-287,-11,-25,-24,-20,-12,-95,116,27,200,45,52,50,31,25,66,42,313,18,28,20,23,20,27,13,109,105,100,0,245,0,0,-2,-2,-2,-7,-120,138,130,111,110,330,329,325,312,329,325,322,308,271,7,7,7,7,7,7,7,7,7,7,0,0,0,0,0,0,0,0,0,0,0,0,0,0,0,8,0,117,0,0,0,0,0,0,0,0,0,0,-75,29977,29978,29975,29976,29976,29975,29994,29995,29996,29994,29998,29996]} 1. e4 c5 2. d4 d6 3. c3 cxd4 4. Nf3 Nf6 5. e5 dxe5 6. Nxe5 Nbd7 {[#]} 7. Nf3 $146 {B21: Sicilian: 2 f4 and Morra Gambit.} (7. Qxd4 $11 e6 8. Nxd7 Bxd7 9. Nd2) ({Predecessor:} 7. Qxd4 a6 8. Bf4 e6 9. Nd3 Be7 10. Be2 O-O 11. O-O Nd5 12. Bg3 b5 13. a4 Bf6 14. Qg4 Bb7 {½-½ (39) Stuart,A (2435)-Schuh,G (2500) ICCF corr 1998}) 7... d3 (7... dxc3 $17 8. Nxc3 e6) 8. Bxd3 $11 e6 9. O-O {The position is equal.} Be7 10. Be3 O-O 11. Qe2 b6 12. b4 (12. Nbd2 $11) 12... Bb7 13. Na3 ({White should play} 13. Nbd2) 13... Rc8 14. Rac1 Qc7 (14... Bxf3 $1 $19 {has better winning chances.} 15. gxf3 Nd5) 15. Rfd1 Ng4 {Hoping for ...Rfd8.} 16. h3 $2 (16. Nb5 $15 Qb8 17. Nbd4) 16... Nge5 $2 (16... Bxf3 $1 $19 17. Qxf3 Qh2+ 18. Kf1 Nde5) 17. Nxe5 Nxe5 18. Nb5 Qb8 19. Bf4 {[#]} (19. Bd4 $1 $11 {remains equal.} Nxd3 20. Rxd3) 19... Bf6 $2 (19... Nf3+ $1 $17 {[%mdl 512] and life is bright.} 20. Qxf3 (20. gxf3 Qxf4) 20... Bxf3 21. Bxb8 Bxd1) 20. Be4 (20. Re1 $16 {[%cal Rf4e5]} a6 21. Bxe5 Qxe5 22. Qxe5 Bxe5 23. Rxe5) 20... Ba6 $2 {[#]} (20... Bxe4 $11 {and Black is okay.} 21. Qxe4 Qa8 22. Qxa8 Rxa8) 21. c4 $2 (21. a4 $1 $18) 21... Bxb5 $1 $14 22. cxb5 Rxc1 23. Rxc1 {Strongly threatening Bc6.} Qd8 24. Rd1 (24. Bxe5 {seems wilder.} Bxe5 25. Bxh7+ Kxh7 26. Qxe5 Qd2 27. Qe4+) 24... Qe7 $2 {[%mdl 8192]} (24... Qc8 $1 $14) 25. Bxh7+ $2 ({Better is} 25. Bc2 $18) 25... Kxh7 $11 26. Bxe5 Bxe5 27. Qxe5 Qxb4 $18 {[%mdl 4096] Endgame KQR-KQR} 28. Rd4 Qb1+ (28... Qe7 $1 $11) 29. Kh2 $16 {Black must now prevent Rg4.} Kg8 30. Rh4 (30. Ra4 $16) 30... Rd8 $2 (30... Qxa2 $11 31. Qh5 f5) 31. Qg5 $2 ({White must play} 31. Qh5 $18 {[%csl Gh4][%cal Rh5h8]} Kf8 32. Qg5 (32. Rf4 Rd7 $16)) 31... Rd1 $11 32. Qh5 $40 {[%csl Gh4][%cal Rh5h8][%mdl 128] White is up to no good.} Rh1+ 33. Kg3 {[%csl Gh4][%cal Rh5h8]} Qd3+ $1 34. f3 (34. Qf3 $1 $11 Rd1 35. Rf4) 34... Qg6+ $2 {[%mdl 8192]} (34... Qd6+ $17 35. Kf2 Qd2+ 36. Kg3 Qe1+ 37. Kg4 f5+ 38. Kf4 Qd2+ 39. Kg3 Qe1+ 40. Kf4 Qb4+ 41. Kg3 Qe1+ 42. Kf4) 35. Qxg6 $16 fxg6 {[#] KR-KR} 36. Rc4 $1 Kf7 $2 (36... Ra1 $16) 37. Rc8 $18 Kf6 38. Rc7 g5 39. Rxa7 Ra1 40. a4 Ra3 41. a5 $2 (41. Ra8 $18) 41... bxa5 $11 42. b6 Rb3 43. b7 a4 44. b8=Q (44. Kf2 {feels hotter.} a3 45. Kf1 Rb2 46. Rxa3 Rxb7 47. Kf2) 44... Rxb8 45. Rxa4 Rb5 46. h4 g6 47. hxg5+ Kxg5 48. Kh2 Kf6 49. Rg4 Rb3 50. Kg1 e5 51. Ra4 Kf5 52. Ra6 g5 53. Kh2 Kf4 54. Ra8 g4 (54... Kf5 $11) 55. Rf8+ (55. Ra4+ $16 Ke3 56. Re4+ (56. fxg4 e4 $11) (56. Rxg4 Kf2 $11) 56... Kf2 57. fxg4 (57. Rxg4 Rb6 $11)) 55... Ke3 56. fxg4 {Threatens to win with Rf3+.} e4 57. Rg8 Kd3 58. Re8 e3 59. g5 e2 60. g6 (60. Kg1 $11 {keeps the balance.}) 60... Kd2 $2 {[%mdl 8192]} (60... Rb8 $17 61. Rxb8 e1=Q 62. Rb3+ Kc4) 61. g7 {White mates.} e1=Q 62. Rxe1 Kxe1 63. g8=Q Rh3+ 64. Kxh3 Kf1 65. Qg5 Kg1 66. Qg3 {A wild game. Accuracy: White = 57%, Black = 54%.} 1-0

[Event "Stay Safe Play From Home 359"]
[Site "Emanuel Lasker Arena"]
[Date "2020.08.05"]
[Round "2"]
[White "SoulofWolf"]
[Black "Tran Minh Thang"]
[Result "0-1"]
[WhiteElo "2202"]
[BlackElo "2489"]
[Annotator "TA"]
[PlyCount "104"]
[EventDate "2020.08.05"]
[EventType "swiss (blitz)"]

{[%evp 9,103,12,14,8,12,0,18,-23,-30,-30,0,0,6,8,22,10,18,0,2,3,8,6,77,-34,-38,-37,-31,-25,0,-23,-25,-31,0,0,0,0,0,-154,-148,-247,-241,-230,-243,-239,-242,-222,-181,-342,-338,-353,-273,-463,-463,-463,-462,-486,-456,-495,-489,-528,-528,-522,-525,-508,-380,-521,-520,-516,-514,-508,-508,-419,-385,-339,-318,-489,-479,-479,-458,-403,-420,-720,-613,-1543,-1119,-12840,-5306,-29987,-29988,-29988,-29988,-29989,-29989,-29989,-29988,-29999]} 1. d4 Nf6 2. Nf3 e6 3. c4 c5 4. e3 cxd4 5. exd4 d5 6. c5 {B13: Caro-Kann: Exchange Variation and Panov-Botvinnik Attack.} Be7 7. Bd3 O-O 8. O-O {The position is equal.} b6 9. cxb6 axb6 10. Nc3 Nc6 11. a3 Bb7 {[#]} 12. Bg5 $146 ({Predecessor:} 12. Bf4 Nd7 13. Bg3 Bf6 14. Bc2 g6 15. Re1 Ba6 16. Bd3 Nxd4 17. Nxd4 Bxd4 18. Bxa6 Bxc3 19. bxc3 Rxa6 {0-1 (53) Panasenko,A-Sevgi,V (45) Kemer 2007}) 12... h6 13. Bh4 Nh5 14. Bxe7 Qxe7 15. Qd2 Ba6 (15... Rfc8 $11) 16. b4 (16. Bxa6 $16 {aiming for Bd3.} Rxa6 17. Ne5 Nxe5 18. dxe5) 16... Bxd3 $15 17. Qxd3 Nf4 $36 {[%mdl 2048] Black fights for an advantage.} 18. Qe3 Qf6 19. Ne5 {[#]} Qg5 $1 {[%csl Gf4][%cal Rg5g2][%mdl 512]} 20. g3 Nh3+ (20... Nxe5 {looks sharper.} 21. Qxe5 Rfc8 22. Nb5 Qxe5 23. dxe5 Ne2+) 21. Kg2 Qxe3 22. fxe3 Nxe5 23. Kxh3 $2 {Black keeps a firm grip on the game.} (23. dxe5 $11 Ng5 24. Rfc1) 23... Nc4 $17 24. Rf3 (24. Nb5 $17) 24... Rxa3 $19 25. Rxa3 Nxa3 {[%mdl 4096] Endgame KRN-KRN} 26. e4 {[#]} dxe4 $1 27. Nxe4 Nb5 28. Re3 $2 (28. d5) 28... Rd8 ({Don't do} 28... Nxd4 29. Nc3 $19) 29. Nd2 Nxd4 30. Nf3 $2 (30. Rd3) 30... Nxf3 31. Rxf3 {KR-KR} Rd4 32. Rb3 g5 33. Kg2 g4 34. Kf2 Rd2+ 35. Kg1 Kg7 36. Rc3 Kg6 37. Rc4 f5 38. Rc6 Kf6 39. Rxb6 Rb2 40. Rb5 e5 41. Rb6+ Kg5 42. Rb5 (42. Rb8 {is the only way for White.}) 42... e4 43. Rb8 {and the idea b5 leaves White hopeful.} Kf6 44. b5 {If only White now had time for b6....} Ke5 45. b6 (45. Re8+ $142 Kd4 46. Rd8+ Ke3 47. Rd5) 45... Kd4 46. b7 Ke3 {And now ...Kf3 would win.} 47. Rh8 Rxb7 (47... Rb1+ $142 48. Kg2 Rxb7) 48. Rxh6 Kf3 {[%cal Rb7b1] Black mates.} 49. h3 Rb1+ 50. Kh2 Rb2+ 51. Kg1 Kxg3 {[%cal Rb2b1]} 52. hxg4 Rb1# {Accuracy: White = 47%, Black = 76%.} 0-1

[Event "Stay Safe Play From Home 359"]
[Site "Emanuel Lasker Arena"]
[Date "2020.08.05"]
[Round "2"]
[White "SelamiSahin"]
[Black "Edmatuag"]
[Result "1-0"]
[WhiteElo "2160"]
[BlackElo "1716"]
[Annotator "TA"]
[PlyCount "127"]
[EventDate "2020.08.05"]
[EventType "swiss (blitz)"]

{[%evp 9,127,81,74,73,72,77,87,51,56,48,57,25,78,-33,116,-46,-41,-41,241,235,234,213,249,238,239,138,103,91,91,83,105,69,156,152,141,72,167,156,149,152,162,139,241,244,241,240,250,245,236,240,233,226,291,235,227,206,225,75,282,282,288,282,287,288,300,293,504,462,504,504,480,440,489,481,1165,1024,1341,1288,1346,1215,4133,2873,2043,1532,29974,29975,29973,29975,29971,29971,29983,29984,29985,29986,29988,29989,29989,29990,29990,29991,29992,29991,29992,29991,29992,29993,29995,29994,29994,29994,29995,29996,29996,29997,29997,0,29996,29997,29998,29998]} 1. d4 d6 2. c4 c6 3. Nc3 Nd7 4. e4 Qc7 5. Bd3 e5 6. Nge2 {A41: 1 d4 d6: Tartakower System and Modern Defence.} Ngf6 7. O-O Be7 {[#]} 8. f4 $146 {White is better.} ({Predecessor:} 8. Bg5 h6 9. Bh4 Nf8 10. f4 exf4 11. Nxf4 g5 12. Nh5 N8h7 13. Bg3 Nxh5 14. Qxh5 {1-0 (40) Marie,P (1961)-Chinasamy,D (1996) Mauritius 2017}) 8... exd4 9. Nxd4 O-O 10. Nf5 Re8 (10... Nc5 $11 {remains equal.}) 11. Qf3 ({Better is} 11. Nxe7+ $16 Rxe7 12. Be3) 11... Nf8 (11... Nc5 $15) 12. Qg3 $2 (12. g4 $16) 12... Bxf5 $1 $15 13. exf5 g6 $2 {[%mdl 8192]} (13... d5 $15 {stays ahead.}) 14. fxg6 $18 fxg6 15. f5 {[%cal Rf5g6]} Bd8 16. fxg6 Nxg6 17. Bxg6 (17. Bh6 $1 $18 Nh5 18. Qh3) 17... hxg6 $16 18. Qxg6+ Qg7 19. Qxg7+ Kxg7 20. Bg5 Rf8 (20... Bb6+ $14 21. Kh1 Ng4) 21. Rae1 Bb6+ 22. Kh1 (22. Be3 $142 $1) 22... Nh7 (22... Ng4 $16) 23. Be7 Rxf1+ 24. Rxf1 Bc7 25. Bh4 Rf8 {[#]} (25... Bd8 $16 {keeps fighting.}) 26. Rxf8 $1 $18 Nxf8 {[%mdl 4096] Endgame KBN-KBN} 27. Bg3 Ne6 28. Ne4 d5 29. cxd5 cxd5 {[#]} 30. Bxc7 $1 dxe4 {KB-KN} 31. Be5+ Kg6 32. Bc3 Kf5 33. Kg1 (33. Bd2 $18 {and White stays clearly on top.}) 33... Kf4 $2 (33... e3 $16) 34. Kf2 e3+ 35. Ke2 Ke4 36. g3 Ng5 37. h4 Nf3 $2 (37... Nf7 38. g4 a6) 38. h5 Ng5 39. h6 Nh7 40. Bb4 a6 41. Bc5 b5 (41... Kf5 $142 42. Bxe3 Kg6) 42. Bxe3 Nf6 43. Kd2 Kf5 44. Kc3 Kg6 45. Kd4 Ng4 46. Bf4 Nf6 47. Kc5 Ne4+ 48. Kb6 Nf2 49. Kxa6 Nd3 50. Kxb5 Nxb2 51. a4 Nxa4 52. Kxa4 Kh7 53. Kb5 Kh8 54. Kc4 Kh7 55. Kd4 Kh8 56. Ke4 Kh7 57. Kf5 Kh8 58. g4 Kg8 59. g5 Kh8 60. g6 Kg8 61. Kf6 Kh8 62. Kf5 Kg8 63. h7+ Kg7 64. Be5+ {Accuracy: White = 60%, Black = 46%.} 1-0

[Event "Stay Safe Play From Home 359"]
[Site "Emanuel Lasker Arena"]
[Date "2020.08.05"]
[Round "2"]
[White "Lazieri3"]
[Black "Stefanone"]
[Result "0-1"]
[WhiteElo "2093"]
[BlackElo "1911"]
[Annotator "TA"]
[PlyCount "120"]
[EventDate "2020.08.05"]
[EventType "swiss (blitz)"]

{[%evp 9,120,41,57,25,39,-18,32,35,35,27,66,66,90,84,136,-316,-318,-1076,-252,-283,-196,-208,-57,-46,-37,-354,-340,-343,490,-384,-291,-277,-189,-791,-363,-376,-350,-1083,-300,-436,-109,-385,-71,-177,-82,-83,95,-262,0,-367,-129,-118,1018,959,1720,1660,1487,958,949,941,864,504,1409,837,1763,1733,1722,1694,2981,2531,29983,5993,29988,29989,29989,12832,29983,29984,29986,29987,29996,29988,29996,29988,29999,29986,29993,29992,29993,29993,29993,29994,29994,29994,29994,29994,29994,29994,29994,29995,29995,29996,29997,29997,29997,29996,29996,29996,29997,29997,29997,29997,29999]} 1. e4 d6 2. Nc3 g6 3. d4 Bg7 4. Be3 Nc6 5. f3 e5 6. d5 {B06: Modern Defence.} Nce7 7. Bb5+ ({White should play} 7. g4 $14) 7... Bd7 (7... c6 {seems wilder.} 8. Bc4 Nf6 9. a4 cxd5 10. Bxd5 O-O) 8. Bxd7+ {White is slightly better.} Qxd7 9. Qd2 {[#]} c6 $146 ({Predecessor:} 9... f5 10. Nge2 Nf6 11. h3 O-O 12. O-O-O b5 13. Qd3 Rfb8 14. g4 b4 15. Nb1 fxe4 16. fxe4 {0-1 (53) Cmor,N (1865)-Gorsek,G (2127) Ptuj 2012}) 10. dxc6 bxc6 11. O-O-O O-O-O (11... Rd8 $142) 12. Bxa7 $2 {[%mdl 8192]} (12. Nh3 $16) 12... Qxa7 $19 13. b3 $2 (13. Kb1) 13... Qa3+ $2 (13... Bh6 14. Kb2 Bxd2 15. Rxd2 Qe3) 14. Kb1 d5 15. Na4 {intending Qa5.} Nf6 $2 (15... Kb8 $19 16. Ne2 Rd7 17. exd5 Nxd5) 16. Qa5 $15 Qd6 17. Nb6+ $2 {[%mdl 8192]} (17. Nc5 $1 $15 Rd7 18. c4) 17... Kb7 $19 18. Na4 Ra8 $4 {[%mdl 8192]} (18... Nd7 $19 {avoids the disaster. Threatens to win with ...Ra8.} 19. exd5 cxd5 20. Qb5+ Ka7) 19. Qc3 $4 {[%mdl 8192]} (19. Nc5+ $18 {is the narrow road to win.} Kc8 20. Qxa8+ Qb8 21. Qa3) 19... Rxa4 20. bxa4 d4 21. Qb3+ $2 (21. Ka1) 21... Ka7 (21... Kc7 $142 22. Ka1 Rb8) 22. Ka1 Rb8 23. Qc4 $2 {[#]} (23. Qc3 Rb4 24. Ne2) 23... Nd7 $2 (23... Qa3 $2 24. Rb1 $19) (23... Nfd5 $1 {[%mdl 512] ( -> ...Qa3!)} 24. exd5 cxd5) 24. Ne2 {[#]} (24. Rb1 $142 Rxb1+ 25. Kxb1) 24... Nb6 $2 (24... Qa3 25. Rb1 $15) (24... Nd5 $1 $19 {[%mdl 512] is more deadly. Strongly threatening ...Ne3.} 25. Rb1 (25. exd5 cxd5) 25... Ne3 {[%mdl 64] Double Attack}) 25. Qb3 $2 {[%mdl 8192]} (25. Qxf7 $17 Qf6 26. Qb3) 25... c5 $2 (25... Nbd5 $19 26. Qd3 Qc5) 26. Rb1 (26. Nc3 $17 {might work better.} Qe6 27. Nb5+ Kb7 28. a5 Qxb3 29. cxb3) 26... c4 (26... Nc6 $19 27. Qxf7+ Rb7) 27. Qb5 $17 {Black must now prevent Qa5+.} Nec8 $2 {[#]} (27... Nc6 $17 {stays on course. Hoping for ...Qe6.} 28. a5 Nd7 29. Qxc4 Qe6 30. Qxe6 Rxb1+ 31. Kxb1 fxe6) 28. Qa5+ (28. a5 $1 $16 {[%cal Ra5b6]} Na8 29. Qxc4) 28... Kb7 $11 29. Rb5 $2 {[%mdl 8192]} (29. Qb5 $1 $11 {and White stays safe.}) 29... Qc6 $2 (29... Ra8 $19 30. Qb4 Qxb4 31. Rxb4 Rxa4 32. Rxa4 Nxa4) 30. Rhb1 $17 {aiming for Qb4.} Kc7 $2 {[%mdl 8192]} ({Avoid the trap} 30... Ra8 $2 31. Qb4 $18) (30... Bf8 $17 31. Qe1 (31. Rxe5 Ra8 $15) 31... Kc7) 31. Rc5 $18 Bf8 32. Rxc6+ Kxc6 33. Nc1 Bc5 34. Qb5+ Kd6 35. Qe8 Nd7 (35... d3 $142 36. c3 Ra8 37. Qxf7 Kc6 38. Qe8+ Kd6) 36. Qxf7 Kc7 37. Rxb8 {[%mdl 64] Overworked Piece} Kxb8 38. Qxd7 Bb6 39. Qb5 Kc7 40. a5 (40. Qxc4+ $142 Kb8 41. Nd3 h6 42. Nxe5 d3 43. a5 dxc2 44. Nd7+ Kb7 45. Nxb6) 40... Ba7 41. Qxc4+ Kd7 42. Nb3 (42. Nd3 $142 Ne7 43. Qb5+ Kc7 44. Nxe5 Kd6 45. f4 h5 46. Qd7+ Kc5 47. Nd3+ Kc4 48. Kb2 Bc5 49. Qa4+ Bb4 50. Qxb4#) 42... Nd6 43. Nc5+ {White mates.} Kc6 44. Qd5+ Kb5 45. Qxd6 Kc4 46. Nb7 Bc5 47. a6 {[%csl Gb7][%cal Rd6c5]} Kc3 48. Qxc5+ Kd2 49. Qc4 d3 50. Qxd3+ Ke1 51. c4 Kf2 52. c5 Kg1 53. c6 g5 54. c7 g4 55. c8=Q g3 56. hxg3 h5 57. g4 h4 58. Qd1+ Kh2 59. Qd2 Kg3 60. Qe1+ Kf4 {[%mdl 32768] Accuracy: White = 24%, Black = 11%. . Sensor Board Error (Ke4/e5)?} 0-1